01263nab a22002297a 4500999001500000003000400015005001700019008004100036040000700077100003300084245013600117260007300253300001200326500004400338505029500382505009000677650004200767650003100809650002900840773015100869942001301020 c5288d5288OSt20250214094131.0190604e xxu||||| |||| 00| 0 spa d cPJ 96345aMartínez, Ignacio A.13aLos decretos de necesidad y urgencia en Argentina a 30 años de su incorporación al texto constitucional /cIgnacio A. Martinez. aCiudad Autónoma de Buenos Aires :bThomson Reuters La Ley, c2025. ap. 5-10 aCita Online: TR LALEY AR/DOC/2700/2024. aSumario: I. Introducción.— II. Origen y antecedentes de los decretos de necesidad y urgencia en Argentina.— III. El DNU o decreto de necesidad y urgencia. Nociones y alcances en el sistema constitucional argentino.— IV. ¿Más presidencialismo o más control?— V. Conclusiones.  t¿Te interesa el texto completo? Solicitalo al correo: koha@justierradelfuego.gov.ar  09200aDECRETOS DE NECESIDAD Y URGENCIA 09766aCONSTITUCION NACIONAL 094597aCONSTITUCIONALIDAD0 0271493171dCiudad Autónoma de Buenos Aires : Thomson Reuters La Ley, 2014-tRevista anales de legislación argentina. Nº 12 - Diciembre 2024. 2udccANA